LEADER 01011nam a2200229 u 4500 001 000000020943 003 CaOOAMICUS 005 20070226110946.0 008 070226s1872 it u000 u ita u 035 $a10514727 040 $aBSR$bita$dPUL(R) 100 1 $aMatteucci, Giovanni,$csac.$0(OLS)http://pul/name/18123 245 10$aCenni storici dell'Anzio antico, Nettuno e Porto d'Anzio /$copera del Prof. Giovanni Canonico Matteucci .. 260 $aRoma :$bVaselli,$c1872. 300 $a102 p. ;$c24 cm 651 0$aAnzio (Italy)$xHistory.$2//eng$0(OLS)http://pul/subject/12757 651 0$aNettuno (Italy)$xHistory.$2//eng$0(OLS)http://pul/subject/13664 850 $aPUL 852 $aPUL$W1$xDP1 Antico 800$y27$m119 B 21$j29445$nBK-PRI$b $qStampati Antico$B29445$CPULBib$Z2$F29445 $H $81 941 1 $a15 996 $6245$aCenni storici dell'Anzio antico, Nettuno e Porto d'Anzio$9(OLS)http://pul/title/29405 996 $6260$aRoma :$bVaselli$9(OLS)http://pul/publisher/56871 LEADER 01475naa a2200265 u 4500 001 000000100037 003 CaOOAMICUS 005 20070226130201.0 008 051014s1992 it u000 u ita u 020 $a8815036423 035 $a11063926 040 $aIAR$bita 100 1 $aTurchini, Angelo.$0(OLS)http://pul/name/12276 245 13$aIl libro delle "Rivelazioni" di Francesco Negri detto il Fabiniano /$cAngelo Turchini. 260 $aBologna :$bIl Mulino,$c1992. 300 $aS. 379-560 ;$c24 cm 600 14$aNegri, Francesco,$q(detto il Fabiniano),$dSec. XVII.$0(OLS)http://pul/subject/32120 700 1 $aNegri, Francesco,$q(detto il Fabiniano),$dSec. XVII.$0(OLS)http://pul/name/62723 730 0 $aAnnali dell'Istituto storico italo-germanico in Trento = Jahrbuch des Italienisch-Deutschen Historischen Instituts in Trient$g[Spogli].$0(OLS)http://pul/title/8676 773 0 $aJahrbuch des italienisch-deutschen historischen Instituts in Trient.$g17 (1991) 773 0 $aAnnali dell'Istituto storico italo.germanico in Trento.$g17 (1991) 773 0 $aIstituto storico italo-germanico.$tAnnali dell'Istituto storico italo-germanico in Trento = Jahrbuch des Italienisch-Deutschen Historischen Instituts in Trient$w()5918 996 $6020$a8815036423$9(OLS)http://pul/number/129600 996 $6245$aIl libro delle "Rivelazioni" di Francesco Negri detto il Fabiniano$9(OLS)http://pul/title/126919 996 $6260$aBologna :$bIl Mulino$9(OLS)http://pul/publisher/47928